<?xml version="1.0" encoding="UTF-8"?>
<record
    xmlns:xsi="http://www.w3.org/2001/XMLSchema-instance"
    xsi:schemaLocation="http://www.loc.gov/MARC21/slim http://www.loc.gov/standards/marcxml/schema/MARC21slim.xsd"
    xmlns="http://www.loc.gov/MARC21/slim">

  <leader>01979    a2200265   4500</leader>
  <controlfield tag="001">49427</controlfield>
  <controlfield tag="005">20260407155757.0</controlfield>
  <controlfield tag="008">260407a2001    arg                 spa d</controlfield>
  <controlfield tag="003">AR-UNSa-BCEJYS</controlfield>
  <datafield tag="040" ind1=" " ind2=" ">
    <subfield code="a">AR-UNSa-BCEJYS</subfield>
    <subfield code="b">spa</subfield>
    <subfield code="c">AR-UNSa-BCEJYS</subfield>
  </datafield>
  <datafield tag="080" ind1=" " ind2=" ">
    <subfield code="a">658.3</subfield>
    <subfield code="x">Personal. Relaciones humanas en la empresa (Recursos Humanos)</subfield>
  </datafield>
  <datafield tag="245" ind1="1" ind2="0">
    <subfield code="a">Administraci&#xF3;n de recursos humanos</subfield>
  </datafield>
  <datafield tag="020" ind1=" " ind2=" ">
    <subfield code="a">970-686-108-4</subfield>
  </datafield>
  <datafield tag="250" ind1=" " ind2=" ">
    <subfield code="a">12a. ed.</subfield>
  </datafield>
  <datafield tag="264" ind1=" " ind2="1">
    <subfield code="a">M&#xE9;xico :</subfield>
    <subfield code="b">Thomson Learning</subfield>
    <subfield code="c">2001</subfield>
  </datafield>
  <datafield tag="300" ind1=" " ind2=" ">
    <subfield code="a">xxxvi, 707 p.</subfield>
    <subfield code="c">26 cm.</subfield>
  </datafield>
  <datafield tag="505" ind1=" " ind2=" ">
    <subfield code="a">Parte I: ADMINISTRACI&#xD3;N DE RECURSOS HUMANOS EN PERSPECTIVA: 1. El desaf&#xED;o de la administraci&#xF3;n de los recursos humanos - 2. Igualdad de oportunidades en el empleo y administraci&#xF3;n de los recursos humanos  - - Parte II: ALCANZANDO LOS REQUERIMIENTOS DE RECURSOS HUMANOS: 3. Requerimientos del puesto y dise&#xF1;o de las organizaciones para lograr la productividad de los recursos humanos - 4. Planeaci&#xF3;n y reclutamiento de recursos humano - 5. Selecci&#xF3;n  - - Parte III: DESARROLLAR LA EFICACIA DE LOS RECURSOS HUMANOS: 6. Capacitaci&#xF3;n y desarrollo - 7. Desarrollo profesional - 8.  Evaluar y mejorar el desempe&#xF1;o  - - Parte IV: IMPLEMENTACI&#xD3;N DE COMPERSACIONES Y SEGURIDAD: 9. Administraci&#xF3;n de la compensaci&#xF3;n - 10. Recompensas de incentivos - 11. Prestaciones a los empleados - 12. Seguridad e higiene  - - Parte V: MEJORAMIENTO DE LAS RELACIONES CON LOS EMPLEADOS: 13. Derecho y disciplina laboral - 14. Negociaci&#xF3;n colectiva y administraci&#xF3;n del contrato  - - Parte VI: EXPANSI&#xD3;N DE LOS HORIZONTES DE LOS RECURSOS HUMANOS: 15. Administraci&#xF3;n internacional de recursos humanos - 16. Creaci&#xF3;n de sistemas de trabajo de alto desempe&#xF1;o.  </subfield>
  </datafield>
  <datafield tag="041" ind1=" " ind2=" ">
    <subfield code="a">spa</subfield>
  </datafield>
  <datafield tag="942" ind1=" " ind2=" ">
    <subfield code="c">BK</subfield>
  </datafield>
  <datafield tag="590" ind1=" " ind2=" ">
    <subfield code="a">niveau_biblio:m niveau_hierar:0</subfield>
  </datafield>
  <datafield tag="100" ind1="1" ind2=" ">
    <subfield code="a">Bohlander, George W.</subfield>
  </datafield>
  <datafield tag="700" ind1="1" ind2=" ">
    <subfield code="a">Snell, Scott A.</subfield>
  </datafield>
  <datafield tag="700" ind1="1" ind2=" ">
    <subfield code="a">Sherman, Arthur</subfield>
  </datafield>
  <datafield tag="856" ind1="4" ind2="1">
    <subfield code="u">https://www.biblioeco.unsa.edu.ar/pmb/images/libros/L128088.jpg</subfield>
    <subfield code="y">Imagen de portada</subfield>
    <subfield code="q">image/jpeg</subfield>
  </datafield>
  <datafield tag="999" ind1=" " ind2=" ">
    <subfield code="c">4838</subfield>
    <subfield code="d">4838</subfield>
  </datafield>
  <datafield tag="952" ind1=" " ind2=" ">
    <subfield code="0">0</subfield>
    <subfield code="1">0</subfield>
    <subfield code="4">0</subfield>
    <subfield code="7">0</subfield>
    <subfield code="a">BCEJYS</subfield>
    <subfield code="b">BCEJYS</subfield>
    <subfield code="c">16</subfield>
    <subfield code="d">2026-04-07</subfield>
    <subfield code="l">0</subfield>
    <subfield code="o">658.3 B676 12ed.</subfield>
    <subfield code="p">L128088</subfield>
    <subfield code="r">2026-04-07 15:57:57</subfield>
    <subfield code="w">2026-04-07</subfield>
    <subfield code="y">L</subfield>
  </datafield>
</record>
